OECD Economic Surveys: Switzerland 2017 November 2017

Gespeichert in:
Bibliographische Detailangaben
Format: Buch
Sprache:Englisch
Veröffentlicht: Paris OECD 2017
Schriftenreihe:OECD Economic Surveys
Schlagworte:
Tags: Tag hinzufügen
Keine Tags, Fügen Sie das erste Tag hinzu!

MARC

LEADER 00000nam a2200000 4500
001 0242436
005 20240314123310.4
020 |a 978-92-64-28302-2 
041 0 |a eng 
044 |a FR 
245 1 0 |a OECD Economic Surveys: Switzerland 2017  |b November 2017 
264 1 |a Paris  |b OECD  |c 2017 
300 |a 144 s. 
490 1 |a OECD Economic Surveys 
830 0 |a OECD Economic Surveys 
610 2 0 |a situácia hospodárska 
610 2 0 |a makroekonomika 
610 2 0 |a stabilita finančná 
610 2 0 |a rast produktivity práce 
610 2 0 |a úroveň životná 
610 2 0 |a blahobyt 
610 2 0 |a vzdelávanie celoživotné 
610 2 0 |a zručnosti 
610 2 0 |a kapitál vlastný 
610 2 0 |a digitalizácia 
610 2 0 |a firmy 
610 2 0 |a zamestnanosť 
610 2 0 |a ukazovatele ekonomické 
610 2 0 |a porovnanie štatistické medzinárodné 
610 2 0 |a Švajčiarsko